| 000 | 00556nam a2200181Ia 4500 | ||
|---|---|---|---|
| 003 | OSt | ||
| 005 | 20240401100709.0 | ||
| 008 | 210210b1935 xxu||||| |||| 00| 0 eng d | ||
| 040 | _cAL | ||
| 041 | _aKannada | ||
| 082 | _a856/42 | ||
| 100 |
_aDATTATREYA KARAMAKARA ದತ್ತಾತ್ರೇಯ ಕರಮಕರ _9157440 |
||
| 245 | _aShasana shastra parichaya ಶಾಸನ ಶಾಸ್ತ್ರ ಪರಿಚಯ | ||
| 260 |
_aDharavada _bManohara Grantha Mala _c1935 |
||
| 690 |
_aKannada Miscellaneous _9157441 |
||
| 906 | _a020293 | ||
| 942 |
_2ddc _cBK |
||
| 999 |
_c144445 _d144445 |
||